Online
Catalog

Piso la tierra y cuando salio de ella le profetizo : (Record no. 28552)

MARC details
000 -CABECERA
campo de control de longitud fija 00534nam a2200157 a 4500
001 - NÚMERO DE CONTROL
campo de control 000029060
005 - FECHA Y HORA DE LA ÚLTIMA TRANSACCIÓN
campo de control 20200930055315.0
008 - DATOS DE LONGITUD FIJA--INFORMACIÓN GENERAL
campo de control de longitud fija 110413s19uu dr 000 0 spa d
040 ## - FUENTE DE LA CATALOGACIÓN
Centro catalogador/agencia de origen DO-SdBNP
Lengua de catalogación spa
Centro/agencia transcriptor BNPHU
082 ## - NÚMERO DE LA CLASIFICACIÓN DECIMAL DEWEY
Número de clasificación xxx
Número de documento/Ítem R572p
100 1# - ENTRADA PRINCIPAL--NOMBRE DE PERSONA
Nombre de persona Rijo, Franklin
9 (RLIN) 55965
245 10 - MENCIÓN DE TÍTULO
Título Piso la tierra y cuando salio de ella le profetizo :
Resto del título El cumplimiento de una profecia /
Mención de responsabilidad, etc. Franklin Rijo.
260 ## - PUBLICACIÓN, DISTRIBUCIÓN, ETC.
Lugar de publicación, distribución, etc. [Santo Domingo] :
Nombre del editor, distribuidor, etc. Impresora Castillo,
Fecha de publicación, distribución, etc. [19--?].
300 ## - DESCRIPCIÓN FÍSICA
Extensión 9 p. ;
Dimensiones 17 cm.
500 ## - NOTA GENERAL
Nota general Testimonio del hermano Santiago Castillo
Holdings
Estado de retiro Estado de pérdida No para préstamo Código de colección Localización permanente Ubicación/localización actual Ubicación en estantería Fecha de adquisición Número de inventario Total de préstamos Signatura topográfica completa Código de barras Fecha visto por última vez Precio válido a partir de Tipo de ítem Koha
    Excluido de préstamo Patrimonio Dominicano Patrimonio Dominicano Patrimonio Dominicano En catalogación 13.04.2011 LF1   xxx R572p 29060-10 25.06.2020 25.06.2020 Libro y Folleto Colección Patrimonio Dominicano

Powered by Koha